Chihuahua Quiz - Estadísticas

Estadísticas generales
  • Esta prueba ha sido intentada 13 veces
  • La puntuación promedio es 8 de 15
Estadísticas de respuestas
Hint Respuesta % Correcto
state capital Chihuahua
100%
most populated city that is also a border Juarez
90%
state with which it borders to the east Coahuila
80%
state with which it borders to the south Durango
80%
state with which it borders to the southwest Sinaloa
80%
state with which it borders to the west Sonora
80%
Juarez in 2010, was considered the most... dangerous
70%
this food is more important than tacos Burritos
40%
canyon that is 4 times deeper than the great canyon Copper Canyon
40%
American states with which it borders New Mexico and Texas
40%
It is the state with the most... (T) Territory
40%
desert that covers a third of the territory chihuahuan desert
20%
It is considered the coldest place in Mexico Madera
10%
It is the largest industry in the state Maquiladora
10%
motto Valentia, Lealtad y Hospitalidad
10%
No se encontraron pruebas coincidentes
Distribución de puntuación
Porcentaje de gente con cada puntuación
Porcentaje por número respondido
Historial de tus puntuaciones
No has intentado esta prueba.